| 000 | 00450nam a2200157Ia 4500 | ||
|---|---|---|---|
| 008 | 231217s9999 xx 000 0 und d | ||
| 041 | _aEnglish | ||
| 082 | _a658.5 MOR;2 | ||
| 100 | _aPhaneesh, K R Vishnu Kumar, K L ed | ||
| 245 | 0 | _aProduction and operations management : as per VTU syllabus | |
| 250 | _a2nd ed. | ||
| 260 |
_c2002 _bSubhas Publ., _aBangalore |
||
| 300 | _a296 | ||
| 650 | _aProduction,operations,management,: | ||
| 942 | _cAA | ||
| 999 |
_c178090 _d178090 |
||